Textbook of engineering mathematics (Record no. 387)

MARC details
000 -LEADER
fixed length control field 00439 a2200169 4500
001 - CONTROL NUMBER
control field 066269
003 - CONTROL NUMBER IDENTIFIER
control field OSt
005 - DATE AND TIME OF LATEST TRANSACTION
control field 20210920115618.0
008 - FIXED-LENGTH DATA ELEMENTS--GENERAL INFORMATION
fixed length control field
082 ## - DEWEY DECIMAL CLASSIFICATION NUMBER
Classification number 620.00151
Item number B32T
100 1# - MAIN ENTRY--PERSONAL NAME
Personal name Bathul, Shahnaz
245 1# - TITLE STATEMENT
Title Textbook of engineering mathematics
Statement of responsibility, etc by Shahnaz Bathul
260 ## - PUBLICATION, DISTRIBUTION, ETC. (IMPRINT)
Place of publication, distribution, etc New Delhi
Name of publisher, distributor, etc PHI
Date of publication, distribution, etc 2009
300 ## - PHYSICAL DESCRIPTION
Extent 442p.
690 ## - LOCAL SUBJECT ADDED ENTRY--TOPICAL TERM (OCLC, RLIN)
Topical term or geographic name as entry element Engineering mathematics; Mathematics
942 ## - ADDED ENTRY ELEMENTS (KOHA)
Source of classification or shelving scheme Dewey Decimal Classification
Koha item type Books
Holdings
Withdrawn status Lost status Damaged status Not for loan Collection code Home library Current library Date acquired Source of acquisition Cost, normal purchase price Full call number Barcode Date last seen Price effective from Koha item type
        General Text Book Central University Of Rajasthan Central University Of Rajasthan 07/03/2012 MTH 225.00 620.00151 B32T 555 21/11/2024 02/09/2020 Books
        General Text Book Central University Of Rajasthan Central University Of Rajasthan 07/03/2012 MTH 225.00 620.00151 B32T 556 21/11/2024 02/09/2020 Books
        General Text Book Central University Of Rajasthan Central University Of Rajasthan 07/03/2012 MTH 225.00 620.00151 B32T 557 21/11/2024 02/09/2020 Books